Solidarieta e autonomia privata
Saved in:
| Main Author: | |
|---|---|
| Format: | Book |
| Language: | Italian |
| Published: |
Nápoles
Jovene
1970
|
| Series: | Universita di Napoli, 3
|
| Subjects: | |
| Tags: |
Add Tag
No Tags, Be the first to tag this record!
|
MARC
| LEADER | 00000nam a2200000 a 4500 | ||
|---|---|---|---|
| 001 | UCV2373 | ||
| 003 | CL-VaPUC | ||
| 008 | 920616e19700000IT |||||||||||||||||ita|d | ||
| 082 | 0 | 4 | |a 346 |b LUC |2 21 |
| 100 | |a Lucarelli, Francesco |e autor |9 296617 | ||
| 245 | 1 | 0 | |a Solidarieta e autonomia privata |
| 300 | |a 313 p | ||
| 942 | |c BK | ||
| 945 | |d 19920616 00:00:00 | ||
| 260 | |a Nápoles |b Jovene |c 1970 | ||
| 650 | 0 | |a Derecho civil |9 255013 | |
| 650 | 0 | |a Vida |x Autonomía |9 257717 | |
| 583 | |a last modification |c 19920616 00:00:00 |k Rodrigo Vera | ||
| 490 | 0 | |a Universita di Napoli, 3 | |
| 999 | |c 209965 |d 209963 | ||
| 952 | |0 0 |1 0 |4 0 |6 346_000000000000000_LUC_1970 |7 0 |8 ? |9 185870 |a BIBDER |b BIBDER |d 2019-11-14 |i 2533472 |o 346 LUC 1970 |p 2533472 |r 2023-01-25 |w 2019-11-14 |y BK |k DER | ||